MARC

LEADER 00000nam0a2200000 4500
001 260691
005 20231101233511.0
010 |a 5343002137 
035 |a (RuTPU)RU\TPU\book\283659 
090 |a 260691 
100 |a 20140517d1988 km y0rusy50 ca 
101 0 |a rus 
102 |a BY 
105 |a y z 001zy 
200 1 |a Производительность труда: методы анализа и прогнозирования  |f И. И. Борщевский, В. А. Трухов  |g Академия наук Белорусской ССР (АН БССР), Институт экономики (ИЭ) 
210 |a Минск  |c Наука и техника  |d 1988 
215 |a 141 с. 
320 |a Библиогр.: с. 136-141 
606 1 |a Производительность труда  |x Экономика  |y Россия  |2 stltpush  |3 (RuTPU)RU\TPU\subj\36751  |9 58018 
610 1 |a анализ 
610 1 |a прогнозирование 
610 1 |a экономическая сущность 
610 1 |a методы 
686 |a У9(2)241  |v LBC/SL-A  |2 rubbk 
700 1 |a Борщевский  |b И. И.  |g Иван Иванович 
701 1 |a Трухов  |b В. А.  |g Валерий Анатольевич 
712 0 2 |a Академия наук Белорусской ССР (АН БССР)  |b Институт экономики (ИЭ)  |c (Минск)  |2 stltpush  |3 (RuTPU)RU\TPU\col\11344 
801 1 |a RU  |b 63413507  |c 20140517 
801 2 |a RU  |b 63413507  |c 20161201  |g RCR 
942 |c BK